| 000 | 00510cam a22001217a 4500 | ||
|---|---|---|---|
| 008 | 180718b-- xxu||||| |||| 00| 0 eng d | ||
| 082 | _aL906x5451 E/R | ||
| 245 | _aEpitome of CAG's report on the government of Andhra Pradesh (Commercial and receipt audit) | ||
| 260 |
_aHyderabad _bAccountant General (Commercial and receipt audit) _c-- |
||
| 500 | _aLibrary has 2003/04-2004/05, 2010/11 | ||
| 650 | _aAuditing - India - Andhra Pradesh | ||
| 700 | _aAndhra Pradesh. Accountant General (Commercial and receipt audit) | ||
| 999 |
_c481302 _d481302 |
||